The modern architecture of New Delhi 1928-2007 (Record no. 27602)
[ view plain ]
| 000 -LEADER | |
|---|---|
| fixed length control field | 00271nam a2200097Ia 4500 |
| 008 - FIXED-LENGTH DATA ELEMENTS--GENERAL INFORMATION | |
| fixed length control field | 231207s9999 xx 000 0 und d |
| 082 ## - DEWEY DECIMAL CLASSIFICATION NUMBER | |
| Classification number | 720.954 |
| Item number | KHA |
| 100 ## - MAIN ENTRY--PERSONAL NAME | |
| Author Name | Khanna, Rahul |
| 245 #4 - TITLE STATEMENT | |
| Title | The modern architecture of New Delhi 1928-2007 |
| 260 ## - PUBLICATION, DISTRIBUTION, ETC. | |
| Name of publisher, distributor, etc. | Random House Publishers |
| 999 ## - | |
| -- | 27602 |
| -- | 27602 |
| Withdrawn status | Weedout from Library | Permanent Location | Current Location | Shelving location | Date acquired | Full call number | Barcode | Price effective from | Koha item type |
|---|---|---|---|---|---|---|---|---|---|
| NATIONAL COLLEGE OF ARTS, LAHORE - LIBRARY | NATIONAL COLLEGE OF ARTS, LAHORE - LIBRARY | 08/12/2023 | 720.954 KHA | 32061 | 08/12/2023 | Book | |||
| NATIONAL COLLEGE OF ARTS, RAWALPINDI CAMPUS - LIBRARY | NATIONAL COLLEGE OF ARTS, RAWALPINDI CAMPUS - LIBRARY | 13/10/2025 | KHA 720.954 RP007535 | RP007535 | 13/10/2025 |